Statistics for NFL QB Players by Jersey Number and Team

Click here to take the quiz!

General Stats

  • This quiz has been taken 679 times
    (532 since last reset)
  • The average score is 7 of 7

Answer Stats

NFL TeamJersey NumberPlayer% Correct
Tampa Bay Buccaneers12Tom Brady
100%
Green Bay Packers12Aaron Rodgers
98%
Kansas City Chiefs15Patrick Mahomes
98%
Carolina Panthers1Cam Newton
96%
New Orleans Saints9Drew Brees
96%
Pittsburgh Steelers7Ben Roethlisberger
94%
Atlanta Falcons2Matt Ryan
93%

Score Distribution

Percentile by Number Answered

Percent of People with Each Score

Your Score History

You have not taken this quiz since the last reset